Как слово наше отзовется...

書誌詳細
第一著者: Трифонов Ю. В. Юрий Валентинович
その他の著者: Шитов А. П. (составитель), Аннинский Л. А. (автор предисловия)
要約:Исключено из фонда НТБ ТПУ
言語:ロシア語
出版事項: Москва, Советская Россия, 1985
フォーマット: MixedMaterials 図書
KOHA link:https://koha.lib.tpu.ru/cgi-bin/koha/opac-detail.pl?biblionumber=270277

MARC

LEADER 00000nam0a2200000 4500
001 270277
005 20231101234331.0
035 |a (RuTPU)RU\TPU\book\293458 
090 |a 270277 
100 |a 20140925d1985 m y0rusy50 ca 
101 0 |a rus 
102 |a RU 
105 |a c z 001cy 
200 1 |a Как слово наше отзовется...  |f Ю. В. Трифонов  |g сост. А. П. Шитов ; авт. предисл. Л. А. Аннинский 
210 |a Москва  |c Советская Россия  |d 1985 
215 |a 384 с.  |c портр. 
333 |a Исключено из фонда НТБ ТПУ 
700 1 |a Трифонов  |b Ю. В.  |c русский писатель  |f 1925-1981  |g Юрий Валентинович  |9 6413 
702 1 |a Шитов  |b А. П.  |4 220 
702 1 |a Аннинский  |b Л. А.  |4 080 
801 1 |a RU  |b 63413507  |c 20140925 
801 2 |a RU  |b 63413507  |c 20220616  |g RCR 
942 |c BK